Представление документа в формате RUSMARC

ПолеНазваниеЗначение
  Тип записи a
  Библиографический уровень a
001 Контрольный номер RU/CBS_UL/BASE/2630e6e0f4b6400f8442d87d277ec5f2
005 Дата корректировки 20250908013036.6
100 Данные общей обработки __
a Данные общей обработки 20250908 ||| 0rusy0189 ca
101 Язык документа 0_
a Язык текста rus
102 Страна публикации __
a Страна публикации RU
200 Заглавие и сведения об ответственности 1_
a Заглавие Закарпатское население «очень стремится к Советскому Союзу…»
e Сведения, относящиеся к заглавию [документы о вхождении Закарпатской Украины в СССР]
f Первые сведения об ответственности Н. Пивоваров
300 Общие примечания __
a Общие примечания 16+
320 Библиография __
a Библиография Библиогр.: с. 113
461 Уровень набора _0
1 2000
a Родина
463 Уровень физической единицы _0
1 2000
a № 9
v С. 110-113 : фот.
1 2101
d 2021
1 001RU/CBS_UL/BASE/708538438
606 Тематические рубрики 0_
a Основная рубрика Украина - Закарпатская область - История, 20 в.
y Географическая подрубрика Украина
610 Ключевые слова 0_
a Ключевые слова история Украины
610 Ключевые слова 0_
a Ключевые слова архивные документы
610 Ключевые слова 0_
a Ключевые слова вхождение в СССР
610 Ключевые слова 0_
a Ключевые слова историческая справедливость
686 Индексы других классификаций __
2 Код системы rubbk
a Классификационный индекс 63.3(4Укр)
700 Автор _1
a Фамилия Пивоваров
b Имя (инициалы) Н.
801 Источник записи _0
a Страна RU
b Организация МБУК ЦБС г. Ульяновска
c Дата составления 20250908
g Правила каталогизации RCR
801 Источник записи _1
a Страна RU
b Организация МБУК ЦБС г. Ульяновска
c Дата составления 20250908
g Правила каталогизации RCR
901 Тип документа __
t Тип документа b
w Контрольный № источника RU/CBS_UL/BASE/708538438
909 Создатель записи __
a Создатель записи lib1